000 00941njm a2200289 c 4500
003 BLK
005 20180421002324.0
008 180410b bul||n||s|||||||| n|bulo|
010 _aCDD00000868000
040 _aBLK
041 _aDEU
_cDEU
080 _aДруги видове песни. - Естрада, джаз. Стари градски. Рок-и попмузика. Чалга(поп-фолк)
_b784.7
_x
_z784.7
700 1 _aCity
_eизп.
_97328
139 _aCity
_bC 58
245 1 0 _aPlay it again! [CD аудио]
_bDas Beste von City : CD 1-2
_cизп. City.
_nCD 1
257 _aDEU
260 S. l.
_bSony BMG Music Ent.
_c2008
300 _c12 cm.
_fбр. в к-т
_g1 CD
380 _a7
653 _aрокмузика
760 1 _h58мин.
_tCD 1
852 _aЦб CD 2436
_p0
856 4 _qpdf
_u
856 4 _qpdf
_u
942 _cCDD
_n0
944 _aCR
_c05.01.2010
_kТеодора_Стоянова
944 _aED
_c05.01.2010
_k
999 _c217740
_d217740